|
|
|
|
| LEADER |
01287ppm a22003258a 4500 |
| 001 |
00036181 |
| 005 |
20171026081025.0 |
| 008 |
170215s2016 ||||||Viesd |
| 041 |
0 |
# |
|a Vie
|
| 082 |
1 |
4 |
|b Đ309CH
|a 546
|
| 100 |
1 |
# |
|a Nguyễn, Ngọc Bích
|e Chủ nhiệm đề tài
|
| 245 |
1 |
0 |
|b Báo cáo tổng kết đề tài nghiên cứu khoa học và công nghệ cấp cơ sở. Mã số CS2015.01.04
|c Nguyễn Ngọc Bích (chủ nhiệm đề tài)
|a Điều chế vật liệu NANO SiO2 từ tro trấu dùng làm phụ gia cho bê tông Xi măng
|
| 260 |
# |
# |
|b Trường Đại học Đồng Tháp
|c 2016
|a Đồng Tháp
|
| 300 |
# |
# |
|a 42tr. +phụ lục
|c 30 cm.
|e 1 bản tóm tắt
|
| 500 |
# |
# |
|a ĐTTS ghi: Bộ Giáo dục và Đào tạo. Trường Đại học Đồng Tháp
|
| 653 |
# |
# |
|a Hóa vô cơ
|
| 653 |
# |
# |
|a Xi măng
|
| 653 |
# |
# |
|a Vật liệu
|
| 653 |
# |
# |
|a Tro trấu
|
| 653 |
# |
# |
|a Nghiên cứu khoa học
|
| 852 |
# |
# |
|j KH.0000057
|
| 852 |
# |
# |
|b Kho đọc
|j KH.0000057
|
| 910 |
# |
# |
|d 15/02/2017
|
| 980 |
# |
# |
|a Trung tâm Học liệu Lê Vũ Hùng, Trường Đại học Đồng Tháp
|